| 000 | 00494nam a2200181Ia 4500 | ||
|---|---|---|---|
| 001 | 944 | ||
| 005 | 20260306140555.0 | ||
| 008 | 260306t2006||||xx |||||||||||||| ||spa|| | ||
| 041 | _aESP | ||
| 082 |
_a174.4 _bH44 |
||
| 100 |
_aHernandez Baqueiro, Alberto (coord.) _eAUT |
||
| 245 | 0 |
_aÉtica actual y profesional: _blecturas para la convivencia global en el siglo XXI |
|
| 260 | _c2006 | ||
| 300 |
_axii, 460 páginas : _c24 cm. |
||
| 650 | _aGEN | ||
| 654 | _aCHU | ||
| 942 |
_cLIB _dJUS _fJUS _2ddc _n |
||
| 999 |
_c944 _d944 |
||